Determinación del coeficiente global de diálisis para un proceso semicontinuo.

محفوظ في:
التفاصيل البيبلوغرافية
المؤلف الرئيسي: Aiello Ramírez, Wilfrid
التنسيق: كتاب
منشور في: [San José , Costa Rica] 1987
الموضوعات:
الوسوم: إضافة وسم
لا توجد وسوم, كن أول من يضع وسما على هذه التسجيلة!

MARC

LEADER 00000nam a2200000Ia 4500
003 004282
005 20221231144351.0
008 140114s1987 cr a m 000 ||s d
040 |c cru CEDI 
090 |a TFG 1929 
100 |a Aiello Ramírez, Wilfrid.  |9 13995 
245 |a Determinación del coeficiente global de diálisis para un proceso semicontinuo. 
260 |c 1987  |a [San José , Costa Rica] 
300 |a  vi, 83 hojas : ilustraciones ; 28 cm  
500 |a  Proyecto de graduación (licenciatura en ingeniería química)--Universidad de Costa Rica. Facultad de Ingeniería. Escuela de Ingeniería Química 
650 |x TRANSFERENCIA DE MASA   |x DIALISIS  |9 13509 
942 |c TFG 
999 |c 20827  |d 20827